[Event "SK Münster 2 - SC Klein-Berlin Rheine 1"]
[Site "NRW-Klasse, Gruppe 2 2010/201"]
[Date "2010.12.19"]
[Round "4.6"]
[White "Borrink, Joern"]
[Black "Kuempers, Ulrich"]
[Result "1-0"]
[WhiteElo "2075"]
[BlackElo "2023"]
[PlyCount "45"]
[EventDate "2010.??.??"]

1. e4 c6 2. d4 d5 3. e5 Bf5 4. Nc3 e6 5. g4 Bg6 6. Nce2 f6 7. Nf4 Bf7 8. Nf3
Nd7 9. exf6 gxf6 10. Qe2 Qe7 11. Nd3 O-O-O 12. Bh3 Bg7 13. g5 Bh5 14. Nf4 Bxf3
15. Qxf3 fxg5 16. Nxe6 Re8 17. Kd1 g4 18. Qxg4 Bxd4 19. Qxd4 Ngf6 20. Qf4 Nb6
21. Be3 h5 22. Bc5 Qd7 23. Qxf6 1-0

[Event "SK Münster 2 - SC Klein-Berlin Rheine 1"]
[Site "NRW-Klasse, Gruppe 2 2010/201"]
[Date "2010.12.19"]
[Round "4.7"]
[White "Langhanke, Guenther"]
[Black "Niermann, Rainer"]
[Result "1/2-1/2"]
[WhiteElo "2004"]
[BlackElo "1993"]
[Annotator ",Daniel"]
[PlyCount "75"]
[EventDate "2010.??.??"]

1. e4 c5 2. Nc3 Nc6 3. Bb5 Nd4 4. Bc4 e6 5. Nge2 Nf6 6. O-O a6 7. d3 d5 8. exd5
exd5 9. Nxd5 Nxd5 10. Nxd4 cxd4 11. Qh5 Be6 12. Re1 Be7 13. Rxe6 g6 14. Qe5 Rf8
15. Bxd5 fxe6 16. Qxe6 Qd6 17. Qxd6 Bxd6 18. Bxb7 Ra7 19. Bc6+ Kd8 20. Bd2 Raf7
21. Bh6 Rxf2 22. Bxf8 Rxf8 23. Re1 Bf4 24. Bf3 Be3+ 25. Kh1 Kc7 $11 26. b3 Kd6
27. c4 Kc5 28. Re2 Kb4 29. Rc2 Rf5 30. Be2 h5 31. g3 g5 32. g4 hxg4 33. Bxg4
Rf1+ 34. Kg2 Rg1+ 35. Kf3 Rf1+ 36. Kg2 Rg1+ 37. Kf3 Rf1+ 38. Kg2 1/2-1/2

[Event "SK Münster 2 - SC Klein-Berlin Rheine 1"]
[Site "NRW-Klasse, Gruppe 2 2010/201"]
[Date "2010.12.19"]
[Round "4.8"]
[White "Kaufhold, Thomas"]
[Black "Hemmert, Michael"]
[Result "1-0"]
[WhiteElo "1986"]
[BlackElo "1846"]
[PlyCount "63"]
[EventDate "2010.??.??"]

1. d4 f5 2. Nc3 g6 3. e4 fxe4 4. Nxe4 Nf6 5. Ng3 d5 6. Bg5 Bg7 7. Bd3 Be6 8.
Qe2 Qd7 9. O-O-O Nc6 10. c3 O-O-O 11. Re1 Bf7 12. Nf3 h6 13. Bf4 Rhe8 14. Kb1
e5 15. Nxe5 Nxe5 16. Bxe5 Ng4 17. f4 c5 18. Bb5 Qe6 19. Bxe8 Rxe8 20. Bxg7 Ne3
21. Be5 Nc4 22. b3 Qb6 23. dxc5 Na3+ 24. Kb2 Qxc5 25. Qg4+ Kd8 26. Bd4 Qa5 27.
Rxe8+ Bxe8 28. Qe6 Bd7 29. Qd6 Nb5 30. Bf6+ Kc8 31. Qf8+ Kc7 32. Bd8+ 1-0

[Event "Mettmann-Sport 1 - Kölner SK Dr. Lasker"]
[Site "NRW-Klasse, Gruppe 2 2010/201"]
[Date "2010.12.19"]
[Round "4.1"]
[White "Marcziter, Dmitrii"]
[Black "Griebl, Joern"]
[Result "1/2-1/2"]
[WhiteElo "2243"]
[BlackElo "2262"]
[Annotator ",Daniel"]
[PlyCount "111"]
[EventDate "2010.??.??"]

1. d4 Nf6 2. Nf3 g6 3. c4 Bg7 4. g3 O-O 5. Bg2 d6 6. O-O c6 7. Nc3 Nbd7 8. e4
e5 9. h3 Qb6 10. Re1 exd4 11. Nxd4 Ne8 12. Nf3 Ne5 13. Nxe5 dxe5 14. Qa4 Bf6
15. Be3 Qc7 16. b4 Ng7 17. b5 Bd7 18. Rac1 Ne6 19. Qb4 Nd4 20. a4 h5 21. Ne2
$11 h4 22. Nxd4 exd4 23. Bf4 Qc8 24. Qd6 Bg7 25. Be5 hxg3 26. fxg3 Bxe5 27.
Qxe5 Bxh3 28. Qxd4 Qg4 29. Qe3 Rad8 30. Re2 Bxg2 31. Kxg2 Rd4 32. Rh1 Rfd8 33.
Rh4 Qxe2+ 34. Qxe2 Rd2 35. Kf2 R8d3 36. Qxd2 Rxd2+ 37. Ke3 Ra2 38. bxc6 bxc6
39. Kd4 Rxa4 40. Kc5 Kg7 41. e5 g5 42. Rd4 Ra3 43. Kxc6 Rxg3 44. Kd6 Kg6 45. c5
Rc3 46. c6 f5 47. exf6 Kxf6 48. c7 Rxc7 49. Kxc7 Ke5 50. Ra4 Kf5 51. Kd6 g4 52.
Kd5 g3 53. Rxa7 Kf4 54. Kd4 g2 55. Rg7 Kf3 56. Rxg2 1/2-1/2

[Event "Mettmann-Sport 1 - Kölner SK Dr. Lasker"]
[Site "NRW-Klasse, Gruppe 2 2010/201"]
[Date "2010.12.19"]
[Round "4.2"]
[White "Bossy, Arnim"]
[Black "Loseries, Uwe"]
[Result "1/2-1/2"]
[WhiteElo "2158"]
[BlackElo "2096"]
[PlyCount "33"]
[EventDate "2010.??.??"]

1. d4 Nf6 2. Nf3 g6 3. Bf4 Bg7 4. e3 O-O 5. h3 d6 6. Be2 c5 7. c3 b6 8. Nbd2
Bb7 9. a4 a6 10. O-O Nbd7 11. Re1 Ne4 12. Bh2 Nxd2 13. Nxd2 Rc8 14. Bf3 Qc7 15.
Bxb7 Qxb7 16. Qf3 Qxf3 17. Nxf3 1/2-1/2

[Event "Mettmann-Sport 1 - Kölner SK Dr. Lasker"]
[Site "NRW-Klasse, Gruppe 2 2010/201"]
[Date "2010.12.19"]
[Round "4.3"]
[White "di Franco, Patricio"]
[Black "Perschke, Ulrich"]
[Result "0-1"]
[WhiteElo "2086"]
[BlackElo "2136"]
[PlyCount "54"]
[EventDate "2010.??.??"]

1. d4 g6 2. c4 Bg7 3. e4 Nc6 4. Nf3 e5 5. dxe5 Nxe5 6. Nxe5 Bxe5 7. Nc3 d6 8.
Bd2 Ne7 9. Be2 O-O 10. h4 f5 11. h5 f4 12. hxg6 hxg6 13. Bg4 Kg7 14. Qf3 Nc6
15. O-O-O Nd4 16. Qh3 Rh8 17. Qxh8+ Qxh8 18. Rxh8 Kxh8 19. Bxc8 Rxc8 20. Nd5
Kg7 21. Kb1 Ne6 22. g3 fxg3 23. f4 Bd4 24. f5 gxf5 25. exf5 g2 26. Bc3 Bxc3 27.
bxc3 Rh8 0-1

[Event "Mettmann-Sport 1 - Kölner SK Dr. Lasker"]
[Site "NRW-Klasse, Gruppe 2 2010/201"]
[Date "2010.12.19"]
[Round "4.4"]
[White "Tochtrop, Matthias"]
[Black "van Muenster, Kirsten"]
[Result "0-1"]
[WhiteElo "2105"]
[BlackElo "2081"]
[Annotator ",Daniel"]
[PlyCount "72"]
[EventDate "2010.??.??"]

1. g3 d5 2. Bg2 Nf6 3. c4 dxc4 4. Na3 g6 5. Nxc4 Nc6 6. b3 Bg7 7. Bb2 O-O 8.
Nf3 a5 9. O-O Be6 10. d4 Bd5 $11 11. Re1 Qc8 12. Nfe5 Bxg2 13. Kxg2 Nxe5 14.
Nxe5 Ng4 $11 15. Nd3 Rd8 16. h3 Nh6 17. e3 Nf5 18. Rc1 b6 19. Qf3 Qa6 20. Red1
Rac8 21. Rc6 Rd6 $11 22. Rc4 Rf6 23. Qe2 Qb7+ 24. f3 Rc6 25. Rdc1 Rxc4 26. Rxc4
Qa6 27. g4 Nd6 $11 28. Rc6 a4 29. Qc2 axb3 30. axb3 Qb5 31. e4 Nb7 32. b4 Nc5
33. dxc5 Qxc6 34. Bxg7 Kxg7 35. Ne5 Qe6 36. f4 f6 0-1

[Event "Mettmann-Sport 1 - Kölner SK Dr. Lasker"]
[Site "NRW-Klasse, Gruppe 2 2010/201"]
[Date "2010.12.19"]
[Round "4.5"]
[White "Hoeren, Andreas"]
[Black "Wille, Thomas"]
[Result "1/2-1/2"]
[WhiteElo "2103"]
[BlackElo "2106"]
[PlyCount "37"]
[EventDate "2010.??.??"]

1. d4 Nf6 2. Nc3 d5 3. Bg5 c6 4. Bxf6 exf6 5. e3 Bd6 6. Bd3 a5 7. Qh5 g6 8. Qh6
Bf8 9. Qh4 f5 10. Qxd8+ Kxd8 11. Nf3 Be7 12. Ne2 Na6 13. a3 Bd6 14. b3 Be6 15.
O-O Ke7 16. c4 c5 17. Nc3 Nc7 18. Na4 dxc4 19. bxc4 1/2-1/2

[Event "Mettmann-Sport 1 - Kölner SK Dr. Lasker"]
[Site "NRW-Klasse, Gruppe 2 2010/201"]
[Date "2010.12.19"]
[Round "4.6"]
[White "Meyer, Mario"]
[Black "Cramer, Volker"]
[Result "0-1"]
[WhiteElo "2103"]
[BlackElo "2054"]
[PlyCount "90"]
[EventDate "2010.??.??"]

1. f4 d5 2. Nf3 g6 3. g3 Bg7 4. Bg2 c5 5. d3 Nc6 6. c3 d4 7. Bd2 Nf6 8. O-O Nd5
9. Qb3 O-O 10. Na3 Rb8 11. Nc2 Be6 12. Qa3 b6 13. cxd4 cxd4 14. Rac1 Qd7 15.
Rfe1 h6 16. b3 Rfc8 17. Qb2 b5 18. a3 a5 19. b4 a4 20. Na1 Rc7 21. Rc5 Nc3 22.
e4 Rbc8 23. Nh4 Nd8 24. Rxc7 Rxc7 25. Rf1 Bg4 26. Nf3 Nc6 27. Re1 e5 28. Kf2 f5
29. Bxc3 dxc3 30. Qa2+ Kh8 31. Qd5 exf4 32. gxf4 fxe4 33. dxe4 Qxd5 34. exd5
Nd4 35. Ne5 Bf5 36. d6 Ra7 37. Rc1 c2 38. Ke3 Nb3 39. Rxc2 Nxa1 40. Rc1 Nc2+
41. Kf2 Nxa3 42. Bc6 Nc4 43. d7 Bxd7 44. Nxd7 a3 45. Bxb5 Nd6 0-1

[Event "Mettmann-Sport 1 - Kölner SK Dr. Lasker"]
[Site "NRW-Klasse, Gruppe 2 2010/201"]
[Date "2010.12.19"]
[Round "4.7"]
[White "Beeker, Detlef"]
[Black "Sponheim, Marko"]
[Result "1-0"]
[WhiteElo "2235"]
[BlackElo "1985"]
[PlyCount "49"]
[EventDate "2010.??.??"]

1. e4 c5 2. Nc3 Nc6 3. f4 g6 4. Nf3 Bg7 5. Bc4 e6 6. f5 Nge7 7. fxe6 fxe6 8. d3
d5 9. Bb3 O-O 10. O-O a6 11. a4 Rb8 12. Bg5 Qd7 13. a5 b5 14. axb6 Bxc3 15.
bxc3 Rxb6 16. Bh6 Re8 17. Ng5 Ne5 18. d4 N7c6 19. dxe5 Nxe5 20. exd5 exd5 21.
Bxd5+ Kh8 22. Nf7+ Nxf7 23. Rxf7 Qd6 24. Bg7+ Kg8 25. Rd7+ 1-0

[Event "Mettmann-Sport 1 - Kölner SK Dr. Lasker"]
[Site "NRW-Klasse, Gruppe 2 2010/201"]
[Date "2010.12.19"]
[Round "4.8"]
[White "Schatzschneider, Karl Immo"]
[Black "Mews, Bernhard"]
[Result "1/2-1/2"]
[WhiteElo "2035"]
[BlackElo "2049"]
[Annotator ",Daniel"]
[PlyCount "108"]
[EventDate "2010.??.??"]

1. e4 c5 2. Nf3 e6 3. d3 g6 4. g3 d6 5. Bg2 Bg7 6. c3 Nc6 7. O-O Nge7 8. Nbd2
O-O 9. a4 b6 10. Re1 h6 11. h4 e5 12. Nc4 Be6 13. Rb1 Qd7 14. b4 cxb4 15. cxb4
Rac8 16. b5 Nd4 17. Nfd2 d5 18. exd5 Nxd5 19. Bb2 f6 20. Ne4 Bg4 21. f3 Bh3 22.
Rc1 Rfd8 23. Kh2 Bxg2 24. Kxg2 Rc7 25. Ba3 Qe6 26. Bd6 Rcd7 27. Ba3 Rc7 28. Bd6
$11 Rcd7 29. Ba3 Bf8 30. Bxf8 Rxf8 31. Nf2 Qf7 32. Ng4 Qg7 33. Nce3 Rfd8 34.
Rc4 h5 35. Nf2 Nxe3+ 36. Rxe3 Qf7 37. Qb1 Ne6 38. Rc6 Nd4 39. Rc4 Qd5 40. Ne4
Kg7 41. Nd2 Ne6 42. Ne4 Nd4 43. Nf2 f5 44. Qe1 Rf8 45. Nh3 Re7 46. Qc3 Rfe8 $11
47. Ng5 Rd7 48. Kh2 Rf8 49. f4 Kg8 50. Rxe5 Nf3+ 51. Nxf3 Qxf3 52. d4 Qf2+ 53.
Kh3 Qf1+ 54. Kh2 Qf2+ 1/2-1/2

[Event "SF Monheim 1 - Elberfelder SG 1"]
[Site "NRW-Klasse, Gruppe 2 2010/201"]
[Date "2011.01.09"]
[Round "5.1"]
[White "Odendahl, Reiner"]
[Black "Weber, Peter"]
[Result "1/2-1/2"]
[WhiteElo "2303"]
[BlackElo "2201"]
[PlyCount "58"]
[EventDate "2011.??.??"]

1. Nf3 Nf6 2. c4 e6 3. g3 d5 4. Bg2 c5 5. O-O Be7 6. cxd5 exd5 7. d4 O-O 8. Nc3
Nc6 9. Bg5 cxd4 10. Nxd4 h6 11. Be3 Re8 12. Qb3 Na5 13. Qc2 Be6 14. Nf5 Bf8 15.
Bd4 Nc6 16. Rad1 Nxd4 17. Nxd4 Bg4 18. Qb3 Bc5 19. Nxd5 Nxd5 20. Bxd5 Qf6 21.
Qc3 Bxd4 22. Rxd4 Bxe2 23. Re1 Ba6 24. Rxe8+ Rxe8 25. Rf4 Qxc3 26. Bxf7+ Kh7
27. bxc3 Re1+ 28. Kg2 g5 29. Rb4 Bf1+ 1/2-1/2

[Event "SF Monheim 1 - Elberfelder SG 1"]
[Site "NRW-Klasse, Gruppe 2 2010/201"]
[Date "2011.01.09"]
[Round "5.2"]
[White "Homuth, Wolfgang"]
[Black "Hintze, Helge"]
[Result "1-0"]
[WhiteElo "2200"]
[BlackElo "2303"]
[PlyCount "117"]
[EventDate "2011.??.??"]

1. e4 e6 2. d4 d5 3. e5 c5 4. c3 Qb6 5. Nf3 Nc6 6. a3 Nh6 7. b4 cxd4 8. cxd4
Nf5 9. Bb2 Be7 10. Bd3 O-O 11. O-O Kh8 12. Bxf5 exf5 13. Nc3 Be6 14. Na4 Qd8
15. Rc1 Rc8 16. Nc5 b6 17. Nd3 Qd7 18. h4 Nb8 19. Qd2 Rc4 20. Nf4 Rfc8 21. Rxc4
Rxc4 22. Rc1 Rxc1+ 23. Qxc1 Nc6 24. Qc2 h6 25. g3 g6 26. Bc1 Bf8 27. Bd2 Kh7
28. Be3 Ne7 29. Nd2 Bg7 30. a4 Nc6 31. b5 Na5 32. Qc3 Qb7 33. Qb4 Qc7 34. Qd6
Qxd6 35. exd6 Nb7 36. Nxe6 fxe6 37. d7 Kg8 38. Nf3 Kf7 39. Bf4 e5 40. Bxe5 Bxe5
41. Nxe5+ Ke7 42. Nxg6+ Kxd7 43. Nf4 Kd6 44. Kf1 Na5 45. Ke2 Nc4 46. Kd3 Nb2+
47. Kc2 Nxa4 48. Kb3 Nc5+ 49. dxc5+ bxc5 50. Kc3 Ke5 51. f3 Kd6 52. Ng6 Ke6 53.
Kd3 Kf6 54. Nf4 Ke5 55. Ke3 Kd6 56. g4 d4+ 57. Kd3 fxg4 58. fxg4 Ke5 59. g5 1-0

[Event "SF Monheim 1 - Elberfelder SG 1"]
[Site "NRW-Klasse, Gruppe 2 2010/201"]
[Date "2011.01.09"]
[Round "5.3"]
[White "Mantler, Hendrik"]
[Black "Stoeber, Michael"]
[Result "1-0"]
[WhiteElo "2136"]
[BlackElo "2215"]
[PlyCount "55"]
[EventDate "2011.??.??"]

1. e4 d6 2. d4 Nf6 3. Nc3 g6 4. Be3 c6 5. Qd2 Bg7 6. Nf3 Nbd7 7. Bh6 Bxh6 8.
Qxh6 Qa5 9. Bd3 Qh5 10. Qd2 c5 11. O-O-O cxd4 12. Nxd4 O-O 13. Kb1 Nc5 14. Be2
Qh4 15. f3 Be6 16. g3 Qh3 17. Bf1 Qh5 18. h4 Ncd7 19. g4 Qe5 20. h5 Ne8 21. f4
Qc5 22. f5 gxf5 23. gxf5 Bc4 24. Bxc4 Qxc4 25. Nd5 Kh8 26. Nxe7 Qc5 27. Nf3
Nef6 28. Rhg1 1-0

[Event "SF Monheim 1 - Elberfelder SG 1"]
[Site "NRW-Klasse, Gruppe 2 2010/201"]
[Date "2011.01.09"]
[Round "5.4"]
[White "Rechmann, Peter"]
[Black "Kurr, Gerd"]
[Result "1/2-1/2"]
[WhiteElo "2276"]
[BlackElo "2160"]
[PlyCount "75"]
[EventDate "2011.??.??"]

1. Nf3 Nf6 2. c4 c5 3. Nc3 Nc6 4. d4 cxd4 5. Nxd4 g6 6. Nc2 Bg7 7. g3 O-O 8.
Bg2 d6 9. O-O Be6 10. b3 Qd7 11. e4 Bh3 12. Qe2 Rac8 13. Bb2 Rfe8 14. Rfd1 Bxg2
15. Kxg2 Qg4 16. f3 Qh5 17. Nd5 Nxd5 18. Rxd5 Be5 19. Ne3 f5 20. exf5 gxf5 21.
Bxe5 dxe5 22. g4 fxg4 23. Nxg4 Qg5 24. Kh1 e6 25. Rd7 Rcd8 26. Rad1 Rxd7 27.
Rxd7 Rf8 28. Qe4 Rf5 29. Rxb7 Qc1+ 30. Kg2 Qd2+ 31. Kg3 Nd4 32. Nf6+ Kf8 33.
Nxh7+ Ke8 34. Rb8+ Kf7 35. Rf8+ Kg7 36. Qg4+ Kh6 37. Qh4+ Kg7 38. Qg4+ 1/2-1/2

[Event "SF Monheim 1 - Elberfelder SG 1"]
[Site "NRW-Klasse, Gruppe 2 2010/201"]
[Date "2011.01.09"]
[Round "5.5"]
[White "Wunsch, Axel"]
[Black "Huelsmann, Josef"]
[Result "1-0"]
[WhiteElo "2122"]
[BlackElo "2113"]
[PlyCount "39"]
[EventDate "2011.??.??"]

1. d4 e6 2. Nf3 d5 3. Bf4 Nf6 4. e3 Be7 5. Bd3 Nbd7 6. Nbd2 O-O 7. Ne5 Nxe5 8.
dxe5 Nd7 9. h4 Nc5 10. Bxh7+ Kxh7 11. Qh5+ Kg8 12. Nf3 f6 13. Ng5 fxg5 14. hxg5
Rf5 15. g4 Rxg5 16. Bxg5 Bxg5 17. f4 Ne4 18. fxg5 Qf8 19. Qh7+ Kf7 20. O-O+ 1-0

[Event "SF Monheim 1 - Elberfelder SG 1"]
[Site "NRW-Klasse, Gruppe 2 2010/201"]
[Date "2011.01.09"]
[Round "5.6"]
[White "Weber, Franz-Josef"]
[Black "Noetzel, Frank"]
[Result "1-0"]
[WhiteElo "2041"]
[BlackElo "2208"]
[PlyCount "59"]
[EventDate "2011.??.??"]

1. e4 e5 2. Nf3 Nc6 3. Bb5 f5 4. d3 fxe4 5. dxe4 Nf6 6. O-O Bc5 7. Nc3 d6 8.
Bg5 O-O 9. Nd5 Kh8 10. Nh4 Be6 11. Bxc6 bxc6 12. Bxf6 gxf6 13. Ne3 d5 14. Qh5
Qe8 15. Qf3 Qf7 16. Nef5 Rab8 17. b3 a5 18. Rad1 Rb4 19. Rfe1 dxe4 20. Qc3 Rb5
21. Rxe4 Bxf5 22. Nxf5 Bb4 23. Qxc6 Rc5 24. Qd7 Qxd7 25. Rxd7 Rxc2 26. g3 Bd2
27. Rh4 h6 28. f4 exf4 29. Rxh6+ Kg8 30. Rg7# 1-0

[Event "SF Monheim 1 - Elberfelder SG 1"]
[Site "NRW-Klasse, Gruppe 2 2010/201"]
[Date "2011.01.09"]
[Round "5.7"]
[White "Wicht, Juergen"]
[Black "Reinemer, Frank"]
[Result "0-1"]
[WhiteElo "2069"]
[BlackElo "2111"]
[PlyCount "72"]
[EventDate "2011.??.??"]

1. d4 f5 2. Nf3 Nf6 3. c4 g6 4. g3 Bg7 5. Bg2 d6 6. O-O O-O 7. b3 c6 8. Bb2 h6
9. Qc2 Na6 10. a3 Qe8 11. Nbd2 g5 12. e4 f4 13. e5 Nh7 14. exd6 exd6 15. Rfe1
Qf7 16. d5 Bf5 17. Ne4 cxd5 18. Bxg7 dxe4 19. Bxf8 exf3 20. Qd2 fxg2 21. Bxd6
Rd8 22. Rad1 Bg4 23. Re7 Qxe7 24. Bxe7 Rxd2 25. Rxd2 Kf7 26. Bd6 Nf6 27. gxf4
Ne4 28. Rd4 Bf3 29. Rd3 g4 30. h3 Nac5 31. Bxc5 Nxc5 32. Re3 h5 33. hxg4 hxg4
34. Re5 Ne6 35. Re1 Nxf4 36. Kh2 Nh3 0-1

[Event "SC Klein-Berlin Rheine 1 - SK Herne-Sod"]
[Site "NRW-Klasse, Gruppe 2 2010/201"]
[Date "2011.01.09"]
[Round "5.1"]
[White "Sandkamp, Ralph"]
[Black "van Assendelft, Floris"]
[Result "0-1"]
[WhiteElo "2230"]
[BlackElo "2357"]
[PlyCount "136"]
[EventDate "2011.??.??"]

1. Nf3 d6 2. d4 Bg4 3. e4 Nf6 4. Nc3 e6 5. Be2 d5 6. Ne5 Bxe2 7. Qxe2 c6 8.
exd5 Nxd5 9. Ne4 Be7 10. Bd2 O-O 11. c4 Nf6 12. Bc3 Nxe4 13. Qxe4 Nd7 14. f4
Qc7 15. O-O-O Nxe5 16. dxe5 Rad8 17. f5 Bg5+ 18. Kc2 Qe7 19. g4 Qc5 20. a3 Rfe8
21. Kb3 Qb6+ 22. Ka2 Qe3 23. Qxe3 Bxe3 24. f6 gxf6 25. exf6 h5 26. gxh5 Kh7 27.
Rde1 Rd3 28. Rhf1 Bb6 29. Bb4 Bd4 30. Re2 c5 31. Bd2 Rg8 32. h4 Rgg3 33. Bg5 a5
34. Rxe6 fxe6 35. f7 Rg2 36. Bc1 Bg7 37. f8=Q Bxf8 38. Rxf8 Rd4 39. Bg5 Rd7 40.
Bf6 Rg8 41. Rxg8 Kxg8 42. Kb3 Rf7 43. Bg5 Rf2 44. Be7 a4+ 45. Kc3 Rf3+ 46. Kd2
Rh3 47. h6 Kf7 48. Bxc5 Rxh4 49. Kc3 Rxh6 50. Kb4 Rh2 51. Bd4 Rh4 52. Bc3 Ke7
53. Kxa4 Rxc4+ 54. Kb5 Rc6 55. Kb4 Kd6 56. Kb3 Kd5 57. Kc2 Ke4 58. a4 Kf3 59.
Kd3 Rd6+ 60. Kc4 Ke4 61. b4 Rc6+ 62. Kb3 Kd5 63. a5 Rc4 64. b5 Rg4 65. a6 bxa6
66. bxa6 Kc6 67. Ba5 Rg7 68. Kc4 Rd7 0-1

[Event "SC Klein-Berlin Rheine 1 - SK Herne-Sod"]
[Site "NRW-Klasse, Gruppe 2 2010/201"]
[Date "2011.01.09"]
[Round "5.2"]
[White "Ottens, Stephan"]
[Black "Graw, Christopher"]
[Result "1/2-1/2"]
[WhiteElo "2162"]
[BlackElo "2189"]
[PlyCount "49"]
[EventDate "2011.??.??"]

1. e4 c5 2. Nf3 d6 3. Bb5+ Nd7 4. d4 Ngf6 5. Nc3 a6 6. Bxd7+ Nxd7 7. e5 e6 8.
exd6 Bxd6 9. Ne4 Be7 10. dxc5 Nxc5 11. Qxd8+ Kxd8 12. Nxc5 Bxc5 13. Ng5 Ke7 14.
Ne4 Bd6 15. Be3 Rd8 16. Nxd6 Kxd6 17. O-O-O+ Ke7 18. Bc5+ Ke8 19. Bb6 Rxd1+ 20.
Rxd1 Bd7 21. c4 Rc8 22. b3 Rc6 23. c5 e5 24. Re1 Re6 25. g3 1/2-1/2

[Event "SC Klein-Berlin Rheine 1 - SK Herne-Sod"]
[Site "NRW-Klasse, Gruppe 2 2010/201"]
[Date "2011.01.09"]
[Round "5.3"]
[White "Schippan, Bernhard"]
[Black "Bruemmer, Frank"]
[Result "1/2-1/2"]
[WhiteElo "2222"]
[BlackElo "2184"]
[PlyCount "44"]
[EventDate "2011.??.??"]

1. e4 e6 2. d4 d5 3. Nc3 Nf6 4. e5 Nfd7 5. Nce2 c5 6. c3 Nc6 7. f4 cxd4 8. Nxd4
Nxd4 9. cxd4 f5 10. Nf3 Be7 11. Be2 Nb6 12. b3 a5 13. a4 Nd7 14. O-O Nb8 15.
Be3 O-O 16. Ne1 Nc6 17. g4 Bd7 18. gxf5 exf5 19. Bf3 Be6 20. Nd3 b6 21. Rc1 Rc8
22. Rf2 Qd7 1/2-1/2

[Event "SV Erkenschwick 1 - SK Münster 2"]
[Site "NRW-Klasse, Gruppe 2 2010/201"]
[Date "2011.01.09"]
[Round "5.1"]
[White "Emunds, Hans Georg"]
[Black "Erwich, Marc"]
[Result "1/2-1/2"]
[WhiteElo "2141"]
[BlackElo "2296"]
[Annotator "Hausrath, Daniel"]
[PlyCount "104"]
[EventDate "2011.??.??"]

1. e4 e5 2. Nf3 Nc6 3. Bb5 a6 4. Bxc6 dxc6 5. O-O f6 6. d4 exd4 7. Nxd4 c5 8.
Ne2 Qxd1 9. Rxd1 Bd6 10. Nbc3 Bd7 11. Bf4 Bxf4 12. Nxf4 O-O-O 13. Ncd5 Re8 14.
Re1 Nh6 15. h3 Nf7 16. Rad1 h5 17. Ng6 Rh6 18. Nge7+ Kb8 19. Nf5 Bxf5 20. exf5
Rhh8 21. Nf4 Rxe1+ 22. Rxe1 Nh6 23. Nxh5 Nxf5 24. Nf4 b6 25. Rd1 Kc8 26. Kf1
Nd4 27. c3 $11 Nc6 28. Nd5 a5 29. Ne3 a4 30. f4 Re8 31. Kf2 Kb7 32. Rd7 Ne7 33.
Kf3 Kc6 34. Rd2 b5 35. h4 Nc8 36. h5 Nd6 37. Re2 f5 38. g4 fxg4+ 39. Nxg4 Rxe2
40. Kxe2 Kd5 41. Kd3 Ke6 42. h6 gxh6 43. Nxh6 Nc4 44. b3 axb3 45. axb3 Na5 46.
Kc2 Kf6 47. Ng4+ Kf5 48. Ne3+ Ke4 49. f5 Nb7 50. f6 Nd6 51. Ng4 Nf7 52. Nf2+
Kf5 1/2-1/2

[Event "SV Erkenschwick 1 - SK Münster 2"]
[Site "NRW-Klasse, Gruppe 2 2010/201"]
[Date "2011.01.09"]
[Round "5.2"]
[White "Willemze, Thomas"]
[Black "Mueschenich, Stefan"]
[Result "1/2-1/2"]
[WhiteElo "2350"]
[BlackElo "2081"]
[PlyCount "94"]
[EventDate "2011.??.??"]

1. e4 Nf6 2. e5 Nd5 3. d4 d6 4. Nf3 Bg4 5. Be2 c6 6. h3 Bxf3 7. Bxf3 dxe5 8.
dxe5 e6 9. O-O Nd7 10. Re1 Qc7 11. Nd2 Nxe5 12. Bxd5 cxd5 13. Qh5 Bd6 14. c4 g6
15. Qh4 O-O 16. c5 Qxc5 17. Nb3 Qc4 18. Qg3 Qc7 19. Bh6 Rfe8 20. Qh4 Nc6 21.
Rac1 Qd8 22. Qa4 Qf6 23. Bd2 a6 24. Qg4 h5 25. Qd1 Rad8 26. Rc3 Ne5 27. Qc1 Be7
28. Na5 b6 29. Nc6 Nxc6 30. Rxc6 Bc5 31. Be3 Bxe3 32. Rxe3 Qd4 33. Rc7 Qb4 34.
Rf3 Re7 35. Qg5 Rde8 36. Rc6 Qxb2 37. g4 hxg4 38. hxg4 a5 39. Rcc3 Qb1+ 40. Kh2
Qb4 41. Qf6 e5 42. Kh1 Qb1+ 43. Kg2 Qe4 44. Kf1 Qb1+ 45. Kg2 Qe4 46. Kg3 Qe1
47. Kg2 Qe4 1/2-1/2

[Event "SV Erkenschwick 1 - SK Münster 2"]
[Site "NRW-Klasse, Gruppe 2 2010/201"]
[Date "2011.01.09"]
[Round "5.3"]
[White "Wellen, Hendrik"]
[Black "van Beek, Alexander"]
[Result "1/2-1/2"]
[WhiteElo "2045"]
[BlackElo "2264"]
[PlyCount "54"]
[EventDate "2011.??.??"]

1. e4 e5 2. Nf3 Nc6 3. Bb5 a6 4. Ba4 Nf6 5. O-O Be7 6. Re1 b5 7. Bb3 d6 8. c3
O-O 9. h3 Nb8 10. d4 Nbd7 11. Nbd2 Bb7 12. Bc2 Re8 13. Nf1 Bf8 14. Ng3 g6 15.
Bg5 h6 16. Bd2 c5 17. a4 cxd4 18. cxd4 exd4 19. Nxd4 bxa4 20. Bxa4 Nxe4 21. Ba5
Qxa5 22. Bxd7 Qb6 23. Bxe8 Rxe8 24. Qa4 Re5 25. Nxe4 Bxe4 26. Nf3 Bxf3 27. Rxe5
dxe5 1/2-1/2

[Event "SV Erkenschwick 1 - SK Münster 2"]
[Site "NRW-Klasse, Gruppe 2 2010/201"]
[Date "2011.01.09"]
[Round "5.4"]
[White "Erwich, Frank A.S"]
[Black "Kammers, Heribert"]
[Result "1-0"]
[WhiteElo "2282"]
[BlackElo "2053"]
[Annotator "Hausrath, Daniel"]
[PlyCount "125"]
[EventDate "2011.??.??"]

1. c4 e6 2. Nc3 d5 3. cxd5 exd5 4. d4 c5 5. Nf3 Nc6 6. g3 Nf6 7. Bg2 Be7 8. O-O
Be6 9. Bg5 O-O 10. dxc5 Bxc5 11. Rc1 Be7 12. Nd4 Nxd4 13. Qxd4 Qa5 14. Bd2 Qa6
15. Rfd1 Rfd8 16. Bf1 Qc4 17. Be3 Ng4 18. Qxc4 dxc4 19. Bd4 Bf6 20. Bxf6 Nxf6
$11 21. e4 g6 22. Bg2 Rd3 23. Rxd3 cxd3 24. Rd1 Bc4 25. h3 Rd8 26. f4 b5 27. e5
Nh5 28. b3 b4 29. Ne4 Ba6 30. Kf2 Kf8 31. Ke3 Ng7 32. g4 Ne6 33. Nd6 f6 34. Bd5
Ke7 35. Bxe6 Kxe6 36. Ne4 Bb5 37. Nxf6 h6 38. Ne4 Rc8 39. Nd6 Rc5 40. Nxb5 Rxb5
41. Rxd3 Ra5 42. Rd6+ Kf7 43. Rd2 g5 44. Ke4 gxf4 45. Kxf4 Ke6 46. Rd6+ Kf7 47.
Kf5 Rxa2 48. Rd7+ Kf8 49. h4 Rb2 50. Kf6 Rf2+ 51. Kg6 Rf4 52. g5 hxg5 53. h5 g4
54. h6 g3 55. h7 Rh4 56. Rf7+ Ke8 57. Rxa7 g2 58. Ra1 Rh3 59. Rg1 Rg3+ 60. Kf6
Rh3 61. Rxg2 Rxh7 62. Rg8+ Kd7 63. e6+ 1-0

[Event "SV Erkenschwick 1 - SK Münster 2"]
[Site "NRW-Klasse, Gruppe 2 2010/201"]
[Date "2011.01.09"]
[Round "5.5"]
[White "Borrink, Joern"]
[Black "Krings, Christoph"]
[Result "1-0"]
[WhiteElo "2075"]
[BlackElo "2123"]
[PlyCount "63"]
[EventDate "2011.??.??"]

1. e4 e6 2. d4 d5 3. e5 c5 4. c3 Nc6 5. Nf3 Bd7 6. a3 c4 7. Bf4 Na5 8. Nbd2 Ne7
9. Be2 Qb6 10. Rb1 Nb3 11. O-O Ba4 12. Bxc4 dxc4 13. Nxc4 Qa6 14. Nd6+ Kd7 15.
Nxf7 Rg8 16. N3g5 Nd5 17. Bg3 h6 18. Ne4 Qc6 19. Nfd6 Bxd6 20. Nxd6 Raf8 21. c4
Nf4 22. d5 Qc5 23. Qg4 h5 24. Qg5 Nd4 25. Kh1 Nfe2 26. Bh4 Nf5 27. dxe6+ Kxe6
28. Nxf5 Rxf5 29. Qg6+ Kxe5 30. Rbe1 Qxc4 31. Bg3+ Ke4 32. f3+ 1-0

[Event "SV Erkenschwick 1 - SK Münster 2"]
[Site "NRW-Klasse, Gruppe 2 2010/201"]
[Date "2011.01.09"]
[Round "5.6"]
[White "Homs, Guust"]
[Black "Niermann, Rainer"]
[Result "1-0"]
[WhiteElo "2077"]
[BlackElo "1993"]
[PlyCount "131"]
[EventDate "2011.??.??"]

1. e4 Nc6 2. d4 d5 3. exd5 Qxd5 4. Nf3 Bg4 5. Be2 e5 6. dxe5 Bxf3 7. Bxf3 Qxd1+
8. Bxd1 Nxe5 9. O-O O-O-O 10. Nd2 Nf6 11. Nf3 Nxf3+ 12. Bxf3 Bb4 13. c3 Ba5 14.
Bg5 Rd6 15. Rfe1 h6 16. Bf4 Re6 17. Rxe6 fxe6 18. Rd1 c6 19. b4 Bb6 20. Re1 Re8
21. c4 e5 22. Rxe5 Rd8 23. Be3 Bxe3 24. Rxe3 Rd4 25. Be2 Rd2 26. a3 Ra2 27. g3
Kd7 28. h4 Kd6 29. Bf3 b6 30. Rd3+ Kc7 31. Rc3 c5 32. bxc5 bxc5 33. Rb3 Kd6 34.
Kg2 g5 35. hxg5 hxg5 36. Re3 a5 37. Bd1 Rd2 38. Bf3 Nd7 39. Re8 Rd4 40. Bd5 Rd3
41. a4 Ra3 42. Re6+ Kc7 43. Rc6+ Kd8 44. Rd6 Kc7 45. Rc6+ Kd8 46. Rg6 Rxa4 47.
Rxg5 Nb6 48. Bg8 Nxc4 49. Rxc5 Nd6 50. Re5 Ne4 51. Bb3 Ra3 52. Rxe4 Rxb3 53.
Re5 a4 54. Ra5 a3 55. g4 Ke7 56. f3 Kf6 57. Kg3 Rc3 58. g5+ Kg6 59. Kg4 Rb3 60.
f4 Kf7 61. Kf5 Kg7 62. Ra7+ Kg8 63. Kg6 Rb6+ 64. Kh5 Rb3 65. f5 Rc3 66. Kg6 1-0